Primera División Argentina 2017-18 - Statistics

General Stats
  • This quiz has been taken 251 times
    198 since last reset
  • The average score is 20 of 28
Answer Stats
Answer % Correct
Boca Juniors
100%
River Plate
99%
Racing Club
92%
Independiente
88%
San Lorenzo
87%
Newell's Old Boys
84%
Rosario Central
83%
Velez Sarsfield
81%
Estudiantes de la Plata
80%
Arsenal
75%
Lanús
72%
Banfield
71%
Belgrano
71%
Gimnasia de La Plata
71%
Huracan
71%
Talleres de Córdoba
70%
Argentinos Juniors
68%
Atletico de Tucuman
68%
Colón de Santa Fe
67%
Unión
63%
Defensa y Justicia
61%
Godoy Cruz
59%
Tigre
58%
San Martín de San Juan
56%
Patronato
48%
Chacarita
45%
Olimpo
45%
Temperley
42%
No matching quizzes found
Score Distribution
Percent of People with Each Score
Percentile by Number Answered
Your Score History
You have not taken this quiz since the last reset